| 000 | 00549ntaaa2200193 4500 | ||
|---|---|---|---|
| 003 | 01 | ||
| 005 | 20251027203027.0 | ||
| 008 | 0714s1973 ag 01 | ||
| 040 |
_aAR-BaBN _bspa _cAR-BaBN _eaacr _dRIC |
||
| 082 | _a922.0000 G41 | ||
| 100 |
_aGill, Frederick C _931344 |
||
| 245 | _aThe glorious company | ||
| 250 | _a1 ed. | ||
| 260 |
_aLondon : _bEpworth Press, _cc1958 |
||
| 300 | _a2 tomos | ||
| 500 | _aBiografías de grandes cristianos para la devoción diaria.T.I January-June: T.II July-December | ||
| 650 |
_abiografía _91311 |
||
| 942 | _cBK | ||
| 999 |
_c25652 _d25652 |
||